مختارات من الشعر الإسبانى / (رقم التسجيلة. 180514)

تفاصيل مارك
000 -LEADER
fixed length control field 01901namaa2200421 i 4500
003 - CONTROL NUMBER IDENTIFIER
control field EG-GICUC
005 - DATE AND TIME OF LATEST TRANSACTION
control field 20260613134801.0
008 - FIXED-LENGTH DATA ELEMENTS--GENERAL INFORMATION
fixed length control field 260613s2005 ua |||jr|||| 000 p ara d
017 ## - COPYRIGHT OR LEGAL DEPOSIT NUMBER
Copyright or legal deposit number 2005 / 10244 (v.1)
Assigning agency دار الكتب والوثائق القومية (مصر)
017 ## - COPYRIGHT OR LEGAL DEPOSIT NUMBER
Copyright or legal deposit number 2005 / 23813 (v.2)
Assigning agency دار الكتب والوثائق القومية (مصر)
020 ## - INTERNATIONAL STANDARD BOOK NUMBER
International Standard Book Number 9773058204 (v.1)
040 ## - CATALOGING SOURCE
Original cataloging agency EG-GiCUC
Language of cataloging ara
Transcribing agency EG-GiCUC
Modifying agency EG-GiCUC
Description conventions rda
043 ## - GEOGRAPHIC AREA CODE
Geographic area code e-sp---
082 04 - DEWEY DECIMAL CLASSIFICATION NUMBER
Edition number 21
Classification number 861.008
Item number M9539m
092 04 - LOCALLY ASSIGNED DEWEY CALL NUMBER (OCLC)
Edition number 21
Classification number 861.008
Item number M9539m
099 ## - LOCAL FREE-TEXT CALL NUMBER (OCLC)
Classification number 861.008 M9539m
100 1# - MAIN ENTRY--PERSONAL NAME
Relator term مؤلف.
245 ## - TITLE STATEMENT
Title مختارات من الشعر الإسبانى /
Statement of responsibility, etc. ترجمة وتقديم على عبد الرءوف البمبى ؛ مراجعة صلاح فضل.
250 ## - EDITION STATEMENT
Edition statement الطبعة الاولى
264 ## - PRODUCTION, PUBLICATION, DISTRIBUTION, MANUFACTURE, AND COPYRIGHT NOTICE
Place of production, publication, distribution, manufacture القاهرة (مصر) :
Name of producer, publisher, distributor, manufacturer المجلس الأعلى للثقافة،
Date of production, publication, distribution, manufacture, or copyright notice 2005.
300 ## - PHYSICAL DESCRIPTION
Extent مجلد 2
Other physical details ؛
Dimensions 20 سم
336 ## - CONTENT TYPE
Source rdacontent
Content type term text
337 ## - MEDIA TYPE
Source rdamedia
Media type term Unmediated
338 ## - CARRIER TYPE
Source rdacarrier
Carrier type term volume
490 ## - SERIES STATEMENT
Series statement المشروع القومى للترجمة ؛
Volume/sequential designation 953
490 ## - SERIES STATEMENT
Series statement المشروع القومى للترجمة ؛
Volume/sequential designation 795
504 ## - BIBLIOGRAPHY, ETC. NOTE
Bibliography, etc. note يشتمل على ارجاعات ببليوجرافية وهوامش.
505 ## - FORMATTED CONTENTS NOTE
Formatted contents note المجلد الاول. من العصور الوسطى إالى العصر الحديث -- المجلد الثانى. العصر الحديث
541 ## - IMMEDIATE SOURCE OF ACQUISITION NOTE
Source of acquisition وزارة الثقافة ؛
Address القاهرة ؛
Method of acquisition إهداء ؛
Date of acquisition 2023.
650 17 - SUBJECT ADDED ENTRY--TOPICAL TERM
Topical term or geographic name entry element الشعر الاسبانى
General subdivision مجموعات
Source of heading or term qrmak
650 17 - SUBJECT ADDED ENTRY--TOPICAL TERM
Topical term or geographic name entry element الشعر الاسبانى
General subdivision دواوين وقصائد
Source of heading or term qrmak
650 17 - SUBJECT ADDED ENTRY--TOPICAL TERM
Topical term or geographic name entry element الادب الاسبانى
Source of heading or term qrmak
651 1# - SUBJECT ADDED ENTRY--GEOGRAPHIC NAME
Source of heading or term qrmak
700 1# - ADDED ENTRY--PERSONAL NAME
Personal name البمبى، على عبد الرءوف
Relator term مترجم.
-- مقدم.
700 1# - ADDED ENTRY--PERSONAL NAME
Personal name فضل، صلاح
Relator term مراجع.
905 ## - Cataloger and Reviser Names
Cataloger Name Aya Mohamed
942 ## - ADDED ENTRY ELEMENTS (KOHA)
Source of classification or shelving scheme Dewey Decimal Classification
Koha item type Books
Edition 21
Suppress in OPAC No
المقتنيات
Withdrawn status Lost status Source of classification or shelving scheme Damaged status Not for loan Home library Current library Date acquired Inventory number Total checkouts Full call number Barcode Date last seen Copy number Price effective from Koha item type
    Dewey Decimal Classification   Not for loan المكتبة المركزبة الجديدة - جامعة القاهرة قاعة الانسانيات - الدور الثاني 13.06.2026 170292   861.008 M9539m v.1 c.1 01000100170292001 13.06.2026 v.1 C.1 13.06.2026 Books
    Dewey Decimal Classification   Not for loan المكتبة المركزبة الجديدة - جامعة القاهرة قاعة الانسانيات - الدور الثاني 13.06.2026 170292   861.008 M9539m v.2 c.1 01000100170292002 13.06.2026 v.2 C.1 13.06.2026 Books
    Dewey Decimal Classification   Not for loan المكتبة المركزبة الجديدة - جامعة القاهرة قاعة الانسانيات - الدور الثاني 13.06.2026 170293   861.008 M9539m v.1 c.2 01000100170293001 13.06.2026 v.1 C.2 13.06.2026 Books
    Dewey Decimal Classification   Not for loan المكتبة المركزبة الجديدة - جامعة القاهرة قاعة الانسانيات - الدور الثاني 13.06.2026 170293   861.008 M9539m v.2 c.2 01000100170293002 13.06.2026 v.2 C.2 13.06.2026 Books
    Dewey Decimal Classification     المكتبة المركزبة الجديدة - جامعة القاهرة مخزن الكتب - البدروم 13.06.2026 170294   861.008 M9539m v.1 c.3 Store 01000100170294001 13.06.2026 v.1 C.3 13.06.2026 Books
    Dewey Decimal Classification     المكتبة المركزبة الجديدة - جامعة القاهرة مخزن الكتب - البدروم 13.06.2026 170294   861.008 M9539m v.2 c.3 Store 01000100170294002 13.06.2026 v.2 C.3 13.06.2026 Books
Cairo University Libraries Portal Implemented & Customized by: Eng. M. Mohamady Contacts: new-lib@cl.cu.edu.eg | cnul@cl.cu.edu.eg
CUCL logo CNUL logo
© All rights reserved — Cairo University Libraries
CUCL logo
Implemented & Customized by: Eng. M. Mohamady Contact: new-lib@cl.cu.edu.eg © All rights reserved — New Central Library
CNUL logo
Implemented & Customized by: Eng. M. Mohamady Contact: cnul@cl.cu.edu.eg © All rights reserved — Cairo National University Library